Statistics for pop culture quiz

Click here to take the quiz!

General Stats

  • This quiz has been taken 612 times
  • The average score is 6 of 20

Answer Stats

#HintAnswer% Correct
3At what age was Taylor Swift signed?14
83%
12Which power couple has collaborated on many hit tracks including 'Crazy In Love'?Beyonce And JayZ
69%
10Who sang the duet 'Everything Has Changed' with Ed Sheeran?Tay Tay Swizzle
59%
17What year did Shawn Mendes create his youtube account?2011
55%
5What was the name of the ending credits song for Shrek?All Star
44%
1Which band had the number 1 single '7 years' in 2016?Lukas Graham
38%
18Who made a musical comeback after 5 years, with the album Beautiful Trauma in 2017?P!NK
33%
15Who was the song 'don't' by Ed Sheeran supposedly about?Ellie Goulding And Niall Horan
32%
7Name one of the members in the Backstreet Boys.Bryan
31%
19Who was defended by Macaulay Culkin in a court case based on alligations of assault against minors made against them?Michael Jackson
29%
11What was Rihanna's first single?Pon De Replay
29%
6What is the name of the bio-pic about Justin Bieber?Never Say Never
25%
9What was the name of Miley Cyrus' 2014 world tour?Bangerz Tour
20%
16Who fell in spectacular fashion at the 2015 BRIT awards due to a wardrobe malfunction involving a cape?Madonna
20%
2What is Louis Tomlinson's birthdate? (DD/MM/YYYY)24/12/1991
19%
4What is Katy Perry's real name?Katheryn Elizabeth Hudson
10%
8What is the name of the album released by Imagine Dragons in 2015?Smoke+Mirrors
8%
14On the days of it's release (25/03/2016), in how many countries did Zayn Maliks debut album go to number 1?70
7%
20Which music act created the first music video?Queen
7%
13What's the name of Bastille's first album?Other Peoples Heartache
1%

Score Distribution

Percentile by Number Answered

Percent of People with Each Score

Your Score History

You have not taken this quiz